000 00424nam a22001457a 4500
999 _c522862
_d522862
005 20190125101910.0
008 190125b ||||| |||| 00| 0 eng d
040 _cDLC
082 _a891.439
_bNOO
100 _aNoori, Dr. Muhammad Fakhar ul Haq
_913179
245 _aMutalia -e- Rashid /
_cDr. Muhammad Fakhar ul Haq Noori
260 _aFaisalabad
_bMisal Publishers
_c2010.
300 _a262p. :
_c25 cm.
942 _2ddc
_cBK